[Event "Politiken Cup 2012"]
[Site "Helsingor DEN"]
[Date "2012.08.01"]
[Round "6.16"]
[White "Hansen,Mads3"]
[Black "Hagen,Ande"]
[Result "1-0"]
[WhiteElo "2341"]
[BlackElo "2130"]

1.e4 c5 2.c3 Nf6 3.e5 Nd5 4.d4 cxd4 5.Nf3 e6 6.cxd4 d6 7.Bc4 Nc6 8.O-O Be7
9.Qe2 O-O 10.Re1 dxe5 11.dxe5 b6 12.Nbd2 Bb7 13.a3 Nf4 14.Qe3 Ng6 15.Rb1 Rc8
16.b4 Qc7 17.Bb2 Rfd8 18.Rbc1 Qb8 19.Ba2 Bf8 20.Ne4 Nce7 21.Nfg5 Rxc1 22.Rxc1 Bd5
23.Bb1 Nf5 24.Qc3 Qb7 25.f3 h6 26.Nh3 a5 27.b5 Qd7 28.a4 Bb4 29.Qc2 Nd4 30.Qd3 Nb3
31.Rd1 Nc5 32.Nxc5 Bxc5+ 33.Kh1 Qb7 34.Qe2 Ne7 35.Nf4 Qb8 36.Qc2 g6 37.Qd2 Bb4
38.Bc3 Bxc3 39.Qxc3 Rc8 40.Qe3 Kg7 41.h4 Rc4 42.h5 g5 43.Nh3 Rh4 44.Kg1 Rxh5
45.Nf2 Rh4 46.Ng4 Qb7 47.Rc1 Nf5 48.Bxf5 exf5 49.e6 Bxe6 50.Qe5+ Kg6 51.Nf6 Qe7
52.Rc8 h5 53.Rg8+ Kh6 54.Ng4+ Rxg4 55.Qh8+  1-0

[Event "21st Kavala Open A"]
[Site "Kavala GRE"]
[Date "2012.08.01"]
[Round "9"]
[White "Valsecchi,A"]
[Black "Ashwin,J"]
[Result "1/2-1/2"]
[WhiteElo "2425"]
[BlackElo "2476"]

1.e4 c5 2.c3 Nf6 3.e5 Nd5 4.Nf3 e6 5.Bc4 Nb6 6.Bb3 d6 7.exd6 Nc6 8.O-O Bxd6
9.Qe2 Bf4 10.g3 Bh6 11.Na3 O-O 12.Rd1 Qf6 13.d4 Bxc1 14.Raxc1 cxd4 15.cxd4 Bd7
16.Nb5 Na5 17.Ne5 Bxb5 18.Qxb5 Nxb3 19.Qxb3 Qe7 20.Rc5 Nd5 21.Rdc1 g6 22.Qf3 Rad8
23.h4 Kg7 24.Ng4 h5 25.Ne5 Rd6 26.Qe2 Rfd8 27.a3 Re8 28.Re1 Red8 29.Rec1 a6
30.a4 Qf6 31.a5 b6 32.axb6 Rxb6 33.Ra1 Qf5 34.Nc4 Rb4 35.Rxa6 Rd7 36.Ra3 Qf6
37.Ne5 Rdb7 38.Rf3 Rxb2 39.Qe4 Qe7 40.Rxf7+ Qxf7 41.Nxf7 Kxf7 42.Rc6 Re7
43.Qe5 Nf6 44.Qf4 Kg7 45.Rc3 Rb5 46.Qd6 Kf7 47.Rc8 Rd5 48.Qb8 Rxd4 49.Rh8 Re8
50.Rxe8 Rd1+ 51.Kg2 Nxe8 52.Qb7+ Kg8 53.Qe4 Kh7 54.Qxe6 Ng7 55.Qf7 Rd2 56.Kf3 Rb2
57.Ke3 Rb5 58.f3 Re5+ 59.Kd3 Rf5 60.Qb7 Ra5 61.Qd7 Rf5 62.Ke4 Rc5 63.g4 Ra5
64.Kd4 Ra3 65.gxh5 Rxf3 66.hxg6+ Kh6 67.Ke4 Rg3  1/2-1/2

[Event "Politiken Cup 2012"]
[Site "Helsingor DEN"]
[Date "2012.08.02"]
[Round "7.60"]
[White "Eriksson,C"]
[Black "Jacobsen,Fredrik Beer"]
[Result "1-0"]
[WhiteElo "2106"]
[BlackElo "1913"]

1.e4 c5 2.c3 Nf6 3.e5 Nd5 4.Nf3 Nc6 5.Bc4 Nb6 6.Bb3 d5 7.exd6 Qxd6 8.Na3 Be6
9.d4 Bxb3 10.Qxb3 cxd4 11.Nb5 Qb8 12.Nbxd4 Nxd4 13.Nxd4 g6 14.O-O Bg7 15.Qb5+ Nd7
16.Re1 a6 17.Qb4 e5 18.f4 Bf8 19.Qc4 Bd6 20.fxe5 Nxe5 21.Bh6 Kd8 22.Bg5+ Ke8
23.Qd5 Kf8 24.Bh6+ Kg8 25.Rf1 Qc7 26.h3 Re8 27.Rae1 Bf8 28.Bxf8 Kxf8 29.Ne6+ Rxe6
30.Qxe6 Nd3 31.Qf6 Rg8 32.Re3 Nc5 33.Rfe1  1-0

[Event "Politiken Cup 2012"]
[Site "Helsingor DEN"]
[Date "2012.08.03"]
[Round "8.39"]
[White "Nielsen,Ro"]
[Black "Kyrkjebo,Erlend"]
[Result "1-0"]
[WhiteElo "2203"]
[BlackElo "2035"]

1.e4 c5 2.c3 Nf6 3.e5 Nd5 4.d4 cxd4 5.cxd4 d6 6.Bc4 Nb6 7.Bb5+ Bd7 8.e6 fxe6
9.Bd3 Qc8 10.Nc3 Nc6 11.Qh5+ Kd8 12.Nf3 Nb4 13.Be4 Qc4 14.Ng5 Bc6 15.Bb1 Kd7
16.Qh3 Na4 17.a3 Bb5 18.Qe3 Nxc3 19.bxc3 Nd5 20.Qxe6+ Kc7 21.Bd2 Bd7 22.Ba2 Qxa2
23.Qxd7+ Kxd7 24.Rxa2 Rc8 25.Rc2 Nb6 26.Ke2 g6 27.Rb1 Rc7 28.Kd3 Nc4 29.Rb4 d5
30.Nf7 Rg8 31.Bf4 e5 32.Bxe5 Bxb4 33.Bxc7 Bxa3 34.Bg3 Rc8 35.Ra2 a6 36.Ng5 Be7
37.Nh3 Kc6 38.f3 a5 39.Re2 Bd6 40.Bxd6 Kxd6 41.Ng5 b5 42.Nxh7 b4 43.cxb4 axb4
44.Ng5 b3 45.Nf7+ Kd7 46.Ne5+ Kd6 47.Nxc4+ dxc4+ 48.Kc3 Rb8 49.h4 Ra8 50.g3 Rb8
51.g4 Rf8 52.Re3 Kd5 53.Re5+ Kd6 54.Kxc4 Rb8 55.Re1 Rf8 56.Rb1 Rxf3 57.Rxb3  1-0

[Event "Politiken Cup 2012"]
[Site "Helsingor DEN"]
[Date "2012.08.03"]
[Round "8.5"]
[White "Starostits,I"]
[Black "Colpe,M"]
[Result "1-0"]
[WhiteElo "2494"]
[BlackElo "2284"]

1.e4 c5 2.c3 Nf6 3.e5 Nd5 4.Bc4 Nb6 5.Bb3 c4 6.Bc2 Nc6 7.Nf3 d5 8.h3 g6 9.O-O Bg7
10.Re1 Nd7 11.e6 fxe6 12.Ng5 Nde5 13.d4 cxd3 14.Bb3 Qd6 15.f4 Nf7 16.Nxf7 Kxf7
17.Qxd3 Rf8 18.Nd2 Kg8 19.Nf3 Bd7 20.Ng5 Rf5 21.Be3 Raf8 22.Rf1 Bh6 23.h4 a6
24.a4 Na5 25.Bc2 Nc4 26.Bc1 Bxg5 27.hxg5 e5 28.b3 Qc5+ 29.Kh2 e4 30.Qg3 Nd6
31.Re1 h6 32.c4 hxg5 33.Ba3 Qd4 34.Rad1 Qh8+ 35.Kg1 Rxf4 36.Qxg5 Be8 37.Qxd5+ Bf7
38.Qd4 Qh5 39.Bxd6 Rh4 40.Bf4 g5 41.Bg3 Rh1+ 42.Kf2 Rh3 43.Qe5  1-0

[Event "Politiken Cup 2012"]
[Site "Helsingor DEN"]
[Date "2012.08.03"]
[Round "8.21"]
[White "Nielsen,LA"]
[Black "Poulsen,I"]
[Result "1/2-1/2"]
[WhiteElo "2254"]
[BlackElo "2081"]

1.e4 c5 2.c3 Nf6 3.e5 Nd5 4.Nf3 Nc6 5.d4 cxd4 6.cxd4 d6 7.a3 g6 8.b4 a6 9.Bb2 Bg7
10.Nbd2 dxe5 11.dxe5 O-O 12.Be2 Nf4 13.O-O Nd3 14.Bxd3 Qxd3 15.Re1 Bg4 16.h3 Bxf3
17.Nxf3 Rfd8 18.Qc1 e6 19.Rd1 Qb5 20.Qf4 Qe2 21.Rxd8+ Rxd8 22.Bc3 Rd1+ 23.Rxd1 Qxd1+
24.Kh2 Qd5 25.g4 h6 26.Qe3 Kh7 27.Kg3 Kg8 28.h4 Qb3 29.Ba1 Qc4 30.Bb2 Qd5
31.Kf4 Qa2 32.Qd2 Qc4+ 33.Kg3 Qe4 34.Qe3 Qd5 35.Qe2 Kh7 36.Kf4 Qb3 37.Qd2 Qc4+
38.Kg3 Qe4 39.Qf4 Qc2 40.Bd4 Kg8 41.Qe3 Ne7 42.Qd2 Qe4 43.Qe3 Qc2 44.Qc3 Qxc3
45.Bxc3 Nd5 46.Bd4 Kf8 47.Nd2 Ke8 48.Ne4 Bf8 49.Bc5 b6 50.Bxf8 Kxf8 51.Nf6 Nxf6
52.exf6 Ke8 53.Kf4 Kd7 54.Ke5 Kc6 55.f4 Kd7 56.a4 b5 57.axb5 axb5 58.Ke4 Kd6
59.Kd4 Kc6 60.Ke4 Kd6 61.h5 gxh5 62.gxh5 Kd7 63.Ke5  1/2-1/2

[Event "Tabor Open 2012"]
[Site "Tabor CZE"]
[Date "2012.08.03"]
[Round "7.29"]
[White "Bartos,A"]
[Black "Malcanek,J"]
[Result "1-0"]
[WhiteElo "2082"]
[BlackElo "1907"]

1.e4 c5 2.c3 Nf6 3.e5 Nd5 4.d4 cxd4 5.cxd4 d6 6.Nf3 Nc6 7.Bc4 Nb6 8.Bb3 e6
9.O-O Be7 10.Nc3 O-O 11.Qe2 a6 12.a3 Qc7 13.Bf4 dxe5 14.dxe5 Rd8 15.Rac1 Bd7
16.Bc2 Be8 17.Ne4 Nd7 18.Rfe1 Nf8 19.h4 Qa5 20.h5 f6 21.Bd2 Qb5 22.Qxb5 axb5
23.exf6 gxf6 24.Ng3 Ne5 25.Bh6 Nfd7 26.Nd4 Nc5 27.Rcd1 Bd7 28.b4 Na4 29.Bb3 Nb2
30.Nxe6 Bxe6 31.Bxe6+ Kh8 32.Nf5 Bf8 33.Rxd8 Rxd8 34.Bxf8 Rxf8 35.Nd6 Nbd3
36.Rd1 Nf4 37.Bb3 Nxh5 38.Nxb5 Nf4 39.Nd6 Ra8 40.a4 Ne2+ 41.Kf1 Nc3 42.Rc1 Nxa4
43.Ra1 b5 44.Nxb5 Rb8 45.Bxa4 Nd3 46.Rb1  1-0

[Event "Politiken Cup 2012"]
[Site "Helsingor DEN"]
[Date "2012.08.04"]
[Round "9.98"]
[White "Tryggestad,Andreas Garberg"]
[Black "Molvig,Julius"]
[Result "0-1"]
[WhiteElo "1721"]
[BlackElo "1905"]

1.e4 c5 2.c3 Nf6 3.e5 Nd5 4.d4 cxd4 5.Nf3 Nc6 6.cxd4 d6 7.Bc4 Nb6 8.Bb3 d5
9.O-O Bf5 10.Nc3 e6 11.Be3 Be7 12.Rc1 O-O 13.Re1 Nb4 14.Ra1 Nc4 15.Bxc4 dxc4
16.Re2 Rc8 17.a3 Nd3 18.Ne1 a6 19.Nxd3 cxd3 20.Re1 b5 21.f3 b4 22.Ne4 Bxe4
23.fxe4 bxa3 24.bxa3 Rc3 25.Qd2 Rxa3 26.Rxa3 Bxa3 27.Qxd3 Bb4 28.Bd2 Qa5
29.Bxb4 Qxb4 30.Rb1 Qa5 31.d5 h6 32.h3 Rd8 33.Rd1 Qc5+ 34.Kh1 a5 35.Qb3 Kh7
36.Rf1 exd5 37.Rxf7 dxe4 38.Qg3 Rd1+ 39.Kh2 Qg1+  0-1

[Event "Politiken Cup 2012"]
[Site "Helsingor DEN"]
[Date "2012.08.04"]
[Round "9.60"]
[White "Eriksson,C"]
[Black "Pettersen,J"]
[Result "1-0"]
[WhiteElo "2106"]
[BlackElo "2007"]

1.e4 c5 2.c3 Nf6 3.e5 Nd5 4.Nf3 e6 5.d4 cxd4 6.cxd4 b6 7.Bc4 Ba6 8.Bxd5 exd5
9.a3 Be7 10.Nc3 O-O 11.Nxd5 Nc6 12.Be3 Rc8 13.Rc1 f6 14.Qa4 Bd3 15.Qb3  1-0

[Event "Politiken Cup 2012"]
[Site "Helsingor DEN"]
[Date "2012.08.05"]
[Round "10.37"]
[White "Nielsen,Ro"]
[Black "Christensen,Es"]
[Result "1-0"]
[WhiteElo "2203"]
[BlackElo "2023"]

1.e4 c5 2.c3 Nf6 3.e5 Nd5 4.d4 cxd4 5.cxd4 b6 6.Nf3 e6 7.Bd3 Bb7 8.O-O Ba6
9.Nc3 Nxc3 10.bxc3 Qc7 11.Bxa6 Nxa6 12.Qd3 Qb7 13.Ng5 f6 14.Nxh7 Kf7 15.Nxf8 Raxf8
16.Ba3 Rc8 17.f4 Rh6 18.f5 Nc7 19.Rf3 b5 20.Rb1 Qd5 21.Rbf1 Qxa2 22.Bc1 Nd5
23.Bxh6 Rxc3 24.fxe6+ dxe6 25.Qh7 Rxf3 26.Qxg7+ Ke8 27.Qf8+ Kd7 28.Qf7+  1-0

[Event "21st Metro GM"]
[Site "Los Angeles USA"]
[Date "2012.08.05"]
[Round "5"]
[White "Sevillano,E"]
[Black "Arnold,Mar"]
[Result "1/2-1/2"]
[WhiteElo "2526"]
[BlackElo "2540"]

1.e4 c5 2.c3 Nf6 3.e5 Nd5 4.Nf3 e6 5.d4 cxd4 6.cxd4 d6 7.Nc3 Nc6 8.exd6 Qxd6
9.Bd3 Be7 10.O-O O-O 11.Ne4 Qd8 12.a3 b6 13.Be3 Bb7 14.Rc1 Rc8 15.Qe2 Nb8
16.Rxc8 Qxc8 17.Rc1 Qd8 18.Ne5 Nxe3 19.fxe3 Nd7 20.Nc6 Bxc6 21.Rxc6 Nf6 22.Nxf6+ Bxf6
23.Be4 Bg5 24.g3 Qd7 25.Kf2 f5 26.Bf3 Rc8 27.Qc4  1/2-1/2

[Event "16th HZ Open"]
[Site "Vlissingen NED"]
[Date "2012.08.05"]
[Round "2"]
[White "Westerweele,H"]
[Black "Mostertman,M"]
[Result "0-1"]
[WhiteElo "1965"]
[BlackElo "2247"]

1.e4 c5 2.c3 Nf6 3.e5 Nd5 4.Nf3 Nc6 5.d4 cxd4 6.cxd4 d6 7.exd6 e6 8.Nc3 Bxd6
9.Bd3 Nf4 10.Bxf4 Bxf4 11.Qe2 g6 12.d5 Ne7 13.Bb5+ Kf8 14.Qe4 Nxd5 15.Rd1 Qc7
16.Rxd5 exd5 17.Qd4 Rg8 18.O-O Be6 19.g3 Bd6 20.Re1 Be7 21.Qe3 Bf6 22.Qh6+ Bg7
23.Qh4 h6 24.Nd4 Bxd4 25.Qxd4 a6 26.Bd3 Re8 27.Na4 Rc8 28.Qf6 Qe7 29.Rxe6 Qxe6  0-1

[Event "11th Braunau Open A"]
[Site "Ranshofen AUT"]
[Date "2012.08.07"]
[Round "5.7"]
[White "Okhotnik,V"]
[Black "Bensch,P"]
[Result "1-0"]
[WhiteElo "2423"]
[BlackElo "2189"]

1.e4 c5 2.c3 Nf6 3.e5 Nd5 4.Nf3 Nc6 5.d4 cxd4 6.cxd4 d6 7.Bc4 Nb6 8.Bb5 dxe5
9.Nxe5 Bd7 10.Nxd7 Qxd7 11.Nc3 e6 12.O-O Be7 13.Qg4 O-O 14.Be3 Nd5 15.Rac1 Rac8
16.Rfd1 a6 17.Ba4 Nf6 18.Qh3 b5 19.Bc2 Nb4 20.Bb1 Nbd5 21.Bg5 g6 22.Qh4 b4
23.Ne2 Rxc1 24.Nxc1 Nh5 25.Nd3 Bxg5 26.Qxg5 Qd8 27.Qd2 a5 28.Ne5 Nhf6 29.g3 Kg7
30.Rc1 Qb8 31.Qc2 Ne7 32.Qa4 Rd8 33.Qxa5 Rxd4 34.Nf3 Rd5 35.Qa6 Qd6 36.Qxd6 Rxd6
37.Kf1 h5 38.Ke2 Ned5 39.Rc8 Nd7 40.Bc2 N7b6 41.Rc5 Rd8 42.Bb3 Ra8 43.Ne5 Na4
44.Rc2 Nab6 45.Nd3 h4 46.Rc5 hxg3 47.hxg3 Na4 48.Bxd5 exd5 49.Rxd5 Nxb2 50.Nxb2 Rxa2
51.Rd2 b3 52.Kd3  1-0

[Event "16th HZ Open"]
[Site "Vlissingen NED"]
[Date "2012.08.07"]
[Round "5"]
[White "Laarhoven,Marcel"]
[Black "Grochal,J"]
[Result "0-1"]
[WhiteElo "1777"]
[BlackElo "2157"]

1.e4 c5 2.c3 Nf6 3.e5 Nd5 4.d4 cxd4 5.Nf3 Nc6 6.Bc4 Nb6 7.Bb3 d5 8.cxd4 Bg4
9.Be3 e6 10.O-O Be7 11.h3 Bh5 12.Nbd2 Na5 13.Bc2 Nac4 14.Qe2 Qd7 15.b3 Na3
16.Bd3 a6 17.Rac1 Rc8 18.Nb1 Nxb1 19.Bxb1 Rxc1 20.Bxc1 Nc8 21.Bb2 Na7 22.Rc1 Nc6
23.Qe3 O-O 24.Ne1 Bg6 25.Nd3 Qd8 26.a3 Na5 27.Ba2 h6 28.Nc5 Bxc5 29.Rxc5 Nc6
30.b4 f6 31.b5 axb5 32.Rxb5 fxe5 33.dxe5 Rf7 34.a4 Qh4 35.Bb3 Kh7 36.Bd1 Bh5
37.Bc2+ Bg6 38.Bd1 d4 39.Qe1 Bd3 40.Rb6 Bc4 41.Bf3 Rxf3 42.gxf3 Qg5+ 43.Kh2 Qf4+
44.Kg2 Bd5 45.Qb1+ Kg8 46.Qd3 Nxe5 47.Qxd4 Qg5+ 48.Kf1 Bc4+ 49.Qxc4 Nxc4
50.Rxb7 Nxb2  0-1

[Event "Miguel Najdorf Open A"]
[Site "Warsaw POL"]
[Date "2012.08.07"]
[Round "2.21"]
[White "Szumilas,Pi"]
[Black "Harazinska,Ewa"]
[Result "1-0"]
[WhiteElo "2192"]
[BlackElo "1975"]

1.e4 c5 2.c3 Nf6 3.e5 Nd5 4.Bc4 e6 5.Nf3 Nc6 6.O-O d6 7.d4 cxd4 8.Bxd5 exd5
9.exd6 Bxd6 10.Re1+ Be7 11.Nxd4 O-O 12.Qd3 Bf6 13.Be3 Ne5 14.Qc2 Ng4 15.Bf4 Bxd4
16.cxd4 Qb6 17.h3 Nf6 18.Nc3 Qxd4 19.Be5 Qb6 20.Bxf6 Qxf6 21.Nxd5 Qg5 22.Qc5 h6
23.h4 Qd8 24.Rad1 Bd7 25.Re7 Qc8 26.Qd6 Rd8 27.Qf4 Be6 28.Rc1 Rxd5 29.Rxc8+ Rxc8
30.Rxb7 Rd1+ 31.Kh2 Rc4 32.Qb8+ Kh7 33.Rb4 Rcc1 34.Qxa7 Rh1+ 35.Kg3 Rcg1
36.f3 Rc1 37.Qa8 Rhe1 38.Re4 Red1 39.Re2 Rc4 40.b3 Rcd4 41.Qc6 R1d3 42.Qc2 Bf5
43.Qc5 Be6 44.Qb5 Rd5 45.Qa6 Rd6 46.Qa5 R6d4 47.Qe1 Rd1 48.Qf2 R1d3 49.Rb2 g5
50.hxg5 hxg5 51.Rb1 Kg6 52.Qe2 Rd2 53.Qe5 R2d3 54.Kh2 g4 55.fxg4 Rxg4 56.Rf1 Rd2
57.Rf6+ Kh7 58.Rh6+ Kxh6 59.Qe3+ Kh5 60.Qxd2 Rh4+ 61.Kg1 Kg4 62.Qb4+ Kg3
63.Qd6+ Kg4 64.a4 Rh5 65.b4 Rd5 66.Qc7 Rd4 67.Qc3 Rc4 68.Qd2 Rf4 69.b5 Rxa4
70.Qd1+  1-0

[Event "Miguel Najdorf Open A"]
[Site "Warsaw POL"]
[Date "2012.08.07"]
[Round "2.8"]
[White "Kukawski,M"]
[Black "Jarmula,P"]
[Result "1/2-1/2"]
[WhiteElo "2346"]
[BlackElo "2180"]

1.e4 c5 2.c3 Nf6 3.e5 Nd5 4.d4 cxd4 5.Nf3 Nc6 6.Bc4 Nb6 7.Bb3 d5 8.exd6 Qxd6
9.Na3 dxc3 10.Qxd6 exd6 11.Nb5 Rb8 12.bxc3 a6 13.Be3 axb5 14.Bxb6 Be7 15.O-O Be6
16.Nd4 Nxd4 17.Bxd4 O-O 18.Rfe1 d5 19.Bxd5  1/2-1/2

[Event "Open ch-MKD 2012"]
[Site "Struga MKD"]
[Date "2012.08.08"]
[Round "5.16"]
[White "Nikolovska,D"]
[Black "Pejchinoski,Dejan"]
[Result "1-0"]
[WhiteElo "1828"]
[BlackElo "1664"]

1.e4 c5 2.c3 Nf6 3.e5 Nd5 4.d4 cxd4 5.Nf3 Nc6 6.cxd4 d6 7.Bc4 Nb6 8.Bb5 Bd7
9.exd6 e6 10.Bg5 Qb8 11.Nc3 Bxd6 12.O-O O-O 13.a3 Ne7 14.Bd3 Ned5 15.Bc2 Nxc3
16.bxc3 Bb5 17.Re1 Nd5 18.a4 Ba6 19.Ne5 Bxe5 20.dxe5 h6 21.Bxh6 gxh6 22.Qg4+ Kh8
23.Qh4 Kg7 24.c4 Qd8 25.Qe4 Rh8 26.cxd5 Qxd5 27.Qg4+ Kf8 28.Qb4+ Ke8 29.a5 Rc8
30.Ba4+ Kd8 31.Rad1 Bd3 32.Bb5  1-0

[Event "Stare Mesto Open 2012"]
[Site "Stare Mesto CZE"]
[Date "2012.08.10"]
[Round "1.16"]
[White "Valla,Tomas"]
[Black "Volodin,V"]
[Result "0-1"]
[WhiteElo "1842"]
[BlackElo "2205"]

1.e4 c5 2.c3 Nf6 3.e5 Nd5 4.Bc4 Nb6 5.Bb3 c4 6.Bc2 Nc6 7.Nf3 d6 8.exd6 Qxd6
9.Qe2 Qe6 10.d4 cxd3 11.Bxd3 Qxe2+ 12.Bxe2 Bg4 13.Na3 e5 14.Nc2 f6 15.Bd2 Be6
16.b3 Be7 17.O-O O-O 18.Rad1 Kh8 19.Rfe1 g5 20.h3 g4 21.hxg4 Bxg4 22.Ne3 Be6
23.Bd3 f5 24.Bb5 e4 25.Bxc6 bxc6 26.Nd4 Bd7 27.c4 h6 28.Bc3 Kh7 29.a4 a5
30.Nf1 Rg8 31.Ng3 Bf6 32.Nde2 Bxc3 33.Nxc3 Rg6 34.Nh5 Rag8 35.Nf4 Rg4 36.Nce2 Be8
37.Rd6 Nd7 38.Rxc6 Ne5 39.Rc7+ Kh8 40.Kf1 Nd3 41.Nxd3 exd3 42.Ng3 d2 43.Rd1 f4
44.Ne4 Bg6 45.Nf6 Bd3+ 46.Kg1 Rxg2+ 47.Kh1 Rg1+ 48.Rxg1 Rxg1+ 49.Kxg1 d1=Q+
50.Kg2  0-1

[Event "Open ch-MKD 2012"]
[Site "Struga MKD"]
[Date "2012.08.10"]
[Round "7.13"]
[White "Nikolovska,D"]
[Black "Tairi,K"]
[Result "1-0"]
[WhiteElo "1828"]
[BlackElo "1823"]

1.e4 c5 2.c3 Nf6 3.e5 Nd5 4.d4 cxd4 5.Nf3 e6 6.cxd4 Nc6 7.Bc4 d6 8.O-O Be7
9.Qe2 O-O 10.Nc3 Nxc3 11.bxc3 dxe5 12.dxe5 Qa5 13.Bd2 Rd8 14.Rfe1 Bd7 15.Bb3 Be8
16.Qe4 Rab8 17.Bc2 g6 18.h4 b5 19.h5 b4 20.hxg6 hxg6 21.Bg5 bxc3 22.Bxe7 Nxe7
23.Qh4 Qb4 24.Qh3 Qb2 25.Ng5 Qxc2 26.Qh7+ Kf8 27.Qh6+ Kg8 28.Nh7 Nd5 29.Nf6+  1-0

[Event "Miguel Najdorf Open A"]
[Site "Warsaw POL"]
[Date "2012.08.10"]
[Round "5.5"]
[White "Przedmojski,R"]
[Black "Wojciechowski,Pi"]
[Result "1-0"]
[WhiteElo "2372"]
[BlackElo "2314"]

1.e4 c5 2.c3 Nf6 3.Qe2 Nc6 4.g3 d6 5.Bg2 g6 6.Nf3 Bg7 7.O-O O-O 8.h3 Bd7
9.d4 cxd4 10.cxd4 e5 11.dxe5 dxe5 12.Rd1 Qc8 13.Kh2 Nd4 14.Nxd4 exd4 15.Bg5 Ba4
16.Rc1 Qe6 17.Qc4 Qd7 18.Qd3 Bb5 19.Qf3 Nh5 20.Na3 Bc6 21.Qd3 f5 22.e5 Bxg2
23.Kxg2 Bxe5 24.Rc5 Rae8 25.Rd1 f4 26.g4 f3+ 27.Kf1 Qd6 28.Qc4+ Kh8 29.Nb5 Qd7
30.Qd5 Qxd5 31.Rxd5 Bf4 32.gxh5 Bxg5 33.Rxg5 Re2 34.Nxd4 Rxb2 35.h6 Rd8 36.Re1 Kg8
37.Nxf3 Rf8 38.Re2 Rb4 39.Kg2 Rbf4 40.Ne5 R8f5 41.Rxf5 Rxf5 42.Ng4  1-0

[Event "2nd Split Open 2012"]
[Site "Split CRO"]
[Date "2012.08.11"]
[Round "1.34"]
[White "Tomas,Ante"]
[Black "Nikolaev,L"]
[Result "1-0"]
[WhiteElo "1875"]
[BlackElo "2271"]

1.e4 c5 2.c3 Nf6 3.e5 Nd5 4.d4 cxd4 5.Nf3 Nc6 6.cxd4 d6 7.Nc3 dxe5 8.dxe5 Nxc3
9.Qxd8+ Nxd8 10.bxc3 e6 11.Be3 Nc6 12.Bd3 b6 13.Be4 Bd7 14.O-O Rc8 15.Rad1 Na5
16.Ng5 Bb5 17.Bd3 Bxd3 18.Rxd3 Nc4 19.Bf4 h6 20.Ne4 Ba3 21.Nd6+ Bxd6 22.exd6 Kd7
23.Bc1 Rc6 24.Rfd1 f6 25.h4 e5 26.Rg3 g5 27.Rf3 Ke6 28.hxg5 hxg5 29.d7 Rd8
30.Rh3 Rd6 31.Rxd6+ Nxd6 32.Rh6 Nf7 33.Rg6 Rxd7 34.Ba3 Nd6 35.Bxd6 Rxd6 36.Rg7 Rd7
37.Rxd7 Kxd7 38.g4 Kd6 39.Kg2 e4 40.Kf1 Ke5 41.Ke2 Kf4  1-0

[Event "Stare Mesto Open 2012"]
[Site "Stare Mesto CZE"]
[Date "2012.08.11"]
[Round "2.2"]
[White "Pribila,G"]
[Black "Zilka,S"]
[Result "0-1"]
[WhiteElo "2079"]
[BlackElo "2517"]

1.e4 c5 2.c3 Nf6 3.e5 Nd5 4.Bc4 e6 5.d4 d6 6.Nf3 Nc6 7.O-O Be7 8.a3 O-O 9.Qe2 Qb6
10.Qe4 dxe5 11.dxe5 Na5 12.Bd3 f5 13.exf6 Nxf6 14.Qe2 Nb3 15.Ra2 Nxc1 16.Rxc1 Bd7
17.Nbd2 Rad8 18.Nc4 Qc7 19.Nce5 Be8 20.Ng5 Rd5 21.Nef3 Qf4 22.Raa1 Rxg5 23.Nxg5 Qxg5
24.Qxe6+ Rf7 25.Bc4 b5 26.Qxe7 bxc4 27.Qe6 Qd5 28.Re1 Qxe6 29.Rxe6 Ba4 30.Rae1 Rb7
31.R1e2 Kf7 32.Rd6 Bd7 33.f3 Rb6 34.Rxb6 axb6 35.g4 g5 36.Re5 h6 37.Kg2 Be6
38.Kg3 Nd5 39.h4 Kf6 40.Re1 Nf4 41.hxg5+ hxg5 42.Rh1 Nd3 43.Rh2 b5 44.Re2 Bf7
45.Kh2 Nf4 46.Re3 Nd3 47.Re2 Bd5 48.Kg3 Be6 49.Rh2 Ke7 50.Rh7+ Bf7 51.Rh2 Kd6
52.Rh6+ Be6 53.Rh2 Kc7 54.Rh5 Nxb2 55.Rxg5 Na4 56.Re5 Kd6 57.Re3 Nxc3 58.Rxc3 b4
59.axb4 cxb4 60.Rc1 b3 61.Kf2 b2 62.Rd1+ Kc5 63.Ke3 c3 64.Kd3 Kb4 65.Re1 Kb3
66.Kd4 c2  0-1

[Event "113th US Open 2012"]
[Site "Vancouver USA"]
[Date "2012.08.11"]
[Round "8"]
[White "Bryant,J"]
[Black "Bykhovsky,An ISR"]
[Result "1-0"]
[WhiteElo "2407"]
[BlackElo "2527"]

1.e4 c5 2.c3 Nf6 3.e5 Nd5 4.Nf3 d6 5.Bc4 Nb6 6.Bb3 d5 7.d4 cxd4 8.cxd4 Nc6
9.Nh4 e6 10.Nf3 Bd7 11.Nc3 Rc8 12.O-O Be7 13.Qd2 O-O 14.Qf4 f5 15.exf6 gxf6
16.Re1 Kh8 17.Bc2 e5 18.Qh6 Rf7 19.dxe5 fxe5 20.Nxe5 Nxe5 21.Rxe5 d4 22.Bf4 Qf8
23.Rxe7 Qxe7 24.Bd6 Qe6 25.Qxe6 Bxe6 26.Be5+ Kg8 27.Bxd4 Rd7 28.Be3 Nc4 29.Bb3 Rc6
30.Ba4 Nxb2 31.Bxc6 bxc6 32.Ne4 Rc7 33.Rb1 Nc4 34.Rb8+ Kg7 35.Bd4+ Kg6 36.Nc5 Bd5
37.h3 Re7 38.Rf8 h5 39.Kh2 Nd2 40.Nd3 Bxa2 41.Ne5+ Kh7 42.Nxc6 Nf1+ 43.Kg1 Re1
44.f3 Rd1 45.Kf2 a6 46.Bf6 Bc4 47.Ne7  1-0

[Event "Miguel Najdorf Open A"]
[Site "Warsaw POL"]
[Date "2012.08.11"]
[Round "6.8"]
[White "Kukawski,M"]
[Black "Tscharotschkin,M"]
[Result "0-1"]
[WhiteElo "2346"]
[BlackElo "2204"]

1.e4 c5 2.c3 Nf6 3.e5 Nd5 4.d4 cxd4 5.Nf3 Nc6 6.Bc4 e6 7.cxd4 d6 8.Qe2 Be7
9.O-O O-O 10.Nc3 Nxc3 11.bxc3 dxe5 12.dxe5 Qa5 13.Bd2 Rd8 14.Bb3 Bd7 15.Qe4 Be8
16.Rfe1 Qc5 17.Bc2 g6 18.Qf4 Na5 19.Qh6 Bf8 20.Qh4 Bc6 21.Be4 Nc4 22.Bg5 Rd7
23.Bf6 Nd2 24.Ng5 h6 25.Bxg6 fxg6 26.Nxe6 Qd5 27.Qg4 g5 28.Rad1 Re8 29.Nd4 Rf7
30.Nb3 Qc4 31.f4 Nxb3 32.axb3 Qxf4 33.Qh5 Rxf6 34.exf6 Bc5+ 35.Kh1 Rxe1+
36.Rxe1 Qxf6 37.b4 Bb6 38.Qh3 Kg7 39.c4 Qf2 40.Rd1 Qe2 41.Rc1 Be3 42.Rb1 Bf4
43.Rg1 Qxc4  0-1

[Event "Miguel Najdorf Open A"]
[Site "Warsaw POL"]
[Date "2012.08.11"]
[Round "6.14"]
[White "Pietocha,P"]
[Black "Nasuta,G"]
[Result "0-1"]
[WhiteElo "2125"]
[BlackElo "2275"]

1.e4 c5 2.c3 Nf6 3.e5 Nd5 4.d4 cxd4 5.Bc4 Nb6 6.Bb3 d5 7.cxd4 Nc6 8.Nc3 Bf5
9.Nge2 e6 10.O-O Be7 11.Ng3 Bg6 12.f4 Qd7 13.Be3 Na5 14.Qe2 O-O 15.Rac1 Rac8
16.Nh1 a6 17.g4 f5 18.h3 Nbc4 19.Ng3 b5 20.gxf5 exf5 21.Bf2 Rc6 22.Rc2 Rfc8
23.Rfc1 Nxb3 24.axb3 Na5 25.Nd1 Nxb3 26.Rxc6 Rxc6 27.Rxc6 Qxc6 28.Qf3 Nd2
29.Qe2 Nb3 30.Qf3 Qc4 31.Ne3 Nxd4 32.Qxd5+ Qxd5 33.Nxd5 Nc6 34.Ne3 Nd4 35.Nd5 Nc6
36.Ne3 Kf7 37.Ngxf5 Bxf5 38.Nxf5 g6 39.Ne3 Nb4 40.Nd1 Nd3 41.Be3 Ke6 42.Kg2 Kf5
43.Kf3 g5 44.fxg5 Nxe5+ 45.Kg3 Bxg5 46.Bxg5 Kxg5 47.Nc3 Nd3 48.b3 Kf5 49.Kf3 b4
50.Ne2 Nc5 51.Nd4+ Kg5 52.Kg3 a5 53.h4+ Kh5 54.Kh3 a4 55.bxa4 Nxa4  0-1

[Event "Stare Mesto Open 2012"]
[Site "Stare Mesto CZE"]
[Date "2012.08.12"]
[Round "3.1"]
[White "Kislinsky,A"]
[Black "Rabatin,J"]
[Result "1-0"]
[WhiteElo "2551"]
[BlackElo "2199"]

1.e4 c5 2.c3 Nf6 3.e5 Nd5 4.Bc4 Nb6 5.Bb3 e6 6.d4 cxd4 7.cxd4 d6 8.Qe2 Bd7
9.Nc3 dxe5 10.dxe5 Bc6 11.Nf3 N8d7 12.O-O Be7 13.Rd1 a6 14.Ne4 Bd5 15.Bc2 h6
16.Bf4 Nc5 17.Nc3 Ncd7 18.a4 Bb4 19.Nxd5 Nxd5 20.Rxd5 exd5 21.e6 Nf6 22.exf7+ Kxf7
23.Ne5+ Kg8 24.Bg6 Qe7 25.Bf7+ Qxf7 26.Nxf7 Kxf7 27.Qc2 Rhe8 28.h4 a5 29.Qf5 g6
30.Qd3 Re4 31.Bxh6 Rxh4 32.Bg5 Rh5 33.Bxf6 Kxf6 34.Qd4+ Kf7 35.g4 Rh3 36.Qxd5+  1-0

[Event "2nd Split Open 2012"]
[Site "Split CRO"]
[Date "2012.08.13"]
[Round "3.21"]
[White "Jelcic,Marko"]
[Black "Ljubicic,F"]
[Result "0-1"]
[WhiteElo "2140"]
[BlackElo "2390"]

1.e4 c5 2.c3 Nf6 3.e5 Nd5 4.Nf3 d6 5.d4 cxd4 6.cxd4 Nc6 7.Bc4 e6 8.O-O Nb6
9.Bb3 Be7 10.Qe2 d5 11.Nc3 Bd7 12.Be3 a6 13.Rac1 Na7 14.a4 Rc8 15.Nd2 Nc6
16.Qg4 g6 17.Nf3 Na5 18.Ba2 Nxa4 19.Nxa4 Rxc1 20.Rxc1 Bxa4 21.Bh6 Nc6 22.Ng5 Qb6
23.Qf4 Nxd4 24.Qxf7+ Kd8 25.Kh1 Be8 26.Qg7 Rf8 27.Nxh7 Nf5 28.Qxf8 Bxf8 29.Bxf8 Qxb2  0-1

[Event "Husek Vienna Open A"]
[Site "Vienna AUT"]
[Date "2012.08.13"]
[Round "1"]
[White "Hatzl,J"]
[Black "Solleveld,Maa"]
[Result "1/2-1/2"]
[WhiteElo "2086"]
[BlackElo "2536"]

1.e4 c5 2.c3 Nf6 3.e5 Nd5 4.d4 cxd4 5.cxd4 d6 6.Bc4 e6 7.Nf3 Nc6 8.O-O Be7
9.Nc3 Nxc3 10.bxc3 dxe5 11.Nxe5 Nxe5 12.dxe5 Qxd1 13.Rxd1 Bd7 14.Be3 Rc8
15.Be2 Bc5 16.Bd4 Ke7 17.Bf3 b5 18.h4 Rhd8 19.Be4 h6 20.Rd2 Bxd4 21.cxd4 Bc6
22.Bxc6 Rxc6 23.Rb1 Rd5 24.Rdb2 Rb6 25.Rd2 Ra6 26.Rb4 Ra3 27.Rb3 Ra4 28.Kf1 a6
29.Rbd3 Rd8 30.g3 g5 31.hxg5 hxg5 32.Ke2 Rc8 33.Ke3 Rc1 34.Re2 Ra1 35.Rdd2 Ra3+
36.Ke4 Kd7 37.Rc2 Ra4 38.Red2 Re1+ 39.Kf3 g4+ 40.Kf4 Ra3 41.Kxg4 Re4+ 42.Kh3  1/2-1/2

[Event "Prva liga RS seniori 2012"]
[Site "Banja Vrucica SRB"]
[Date "2012.08.14"]
[Round "4"]
[White "Podinic,V"]
[Black "Radovanovic,D"]
[Result "1/2-1/2"]
[WhiteElo "2437"]
[BlackElo "2368"]

1.e4 c5 2.c3 Nf6 3.d3 Nc6 4.f4 d6 5.Nf3 g6 6.g3 Bg7 7.Bg2 O-O 8.Qc2 Rb8 9.a4 a6
10.O-O b5 11.axb5 axb5 12.Kh1 b4 13.Be3 bxc3 14.bxc3 Qb6 15.Nbd2 Qb2 16.Qxb2 Rxb2
17.Rfc1 Rd8 18.Nc4 Rb8 19.Bg1 Nd7 20.d4 cxd4 21.cxd4 Bb7 22.Rab1 Ba6 23.Rxb8 Ncxb8
24.Na5 Rc8 25.Rxc8+ Bxc8 26.Ne1  1/2-1/2